000 02063cam a2200349 i 4500
001 768714001
003 CO-MdFUSB
005 20220426103830.0
007 ta
008 200430t20202020miu b 001 0 eng d
020 _a9780310521204
040 _aYDX
_beng
_erda
_cCO-MdFUSB
_dWTV
_dOCLCO
_dCDX
_dMIPRT
_dOCLCO
_dOCLCF
041 _aeng
082 _223
_a227.06
_bC187
100 1 _aCampbell, Constantine R.,
_eautor.
245 1 0 _aPaul and the hope of glory :
_ban exegetical and theological study /
_cConstantine R. Campbell.
264 1 _aGrand Rapids, Michigan :
_bZondervan,
_c[2020]
264 4 _c©2020.
300 _a503 páginas ;
_c23 cm.
336 _atexto
_btxt
_2rdacontent.
337 _asin mediación
_bn
_2rdamedia.
338 _avolumen
_bnc
_2rdacarrier.
504 _aIncluye referencias bibliográficas e índices.
505 _aCuestiones preliminares: Introducción y metodología -- Historia reciente de la escatología paulina -- Estudio exegético: dos edades y dos reinos -- La parusía -- El último día -- Juicio -- Resurrección -- Vida eterna -- Herencia -- Nueva creación -- Israel -- Gloria -- Esperanza -- Estudio teológico: escatología cristocéntrica -- Escatología apocalíptica -- El siglo por venir -- Este siglo -- Conclusiones.
520 _aEn Paul and the Hope of Glory, Campbell lleva a cabo un estudio exegético completo de los elementos relevantes del lenguaje, las metáforas y las imágenes escatológicas de Paul, que incluyen "parusía", "el último día", "herencia", "esperanza" y otros. Examina cada pasaje en contexto, con el objetivo de construir inductivamente un sentido general del pensamiento de Pablo. Los resultados de este estudio exegético luego alimentan un estudio teológico que demuestra la integración del pensamiento escatológico de Pablo en su marco teológico general. De la contraportada.
563 _aRústico
630 7 _aBiblia.
_pEpístolas Paulinas
_xTeología
650 7 _9213
_aEscatología
942 _cBK
945 _aJTF-925
999 _c67577
_d67577